|
|
|
|
| LEADER |
00620naa a2200169 i 4500 |
| 001 |
publ18419 |
| 005 |
20201110131403.0 |
| 008 |
200320s2006 hu o 0|| zxx d |
| 024 |
7 |
|
|a 1628485
|2 mtmt
|
| 040 |
|
|
|a SZTE Publicatio Repozitórium
|b hun
|
| 041 |
|
|
|a zxx
|
| 100 |
1 |
|
|a Vígh Tibor
|
| 245 |
1 |
4 |
|a Der Prüfungsteil Schreiben im neuen Abitur für DaF
|h [elektronikus dokumentum] /
|c Vígh Tibor
|
| 260 |
|
|
|a ELTE Germanistisches Institut; DAAD
|b Budapest, Bonn
|c 2006
|
| 300 |
|
|
|a 335-351
|
| 490 |
0 |
|
|a Jahrbuch der ungarischen Germanistik 2005
|
| 856 |
4 |
0 |
|u http://publicatio.bibl.u-szeged.hu/18419/1/1628485.pdf
|z Dokumentum-elérés
|